Атмосферно-оптические явления по наблюдениям с орбитальных научных станций "Салют"

Λεπτομέρειες βιβλιογραφικής εγγραφής
Συγγραφή απο Οργανισμό/Αρχή: Государственный оптический институт им. С. И. Вавилова
Άλλοι συγγραφείς: Мирошников М. М. (редактор)
Γλώσσα:Ρωσικά
Έκδοση: Тарту, АН ЭССР, 1981
Θέματα:
Μορφή: MixedMaterials Βιβλίο
KOHA link:https://koha.lib.tpu.ru/cgi-bin/koha/opac-detail.pl?biblionumber=133204

MARC

LEADER 00000nam0a2200000 4500
001 133204
005 20231101220420.0
035 |a (RuTPU)RU\TPU\book\144333 
090 |a 133204 
100 |a 20080313d1981 k y0rusy50 ca 
101 0 |a rus 
102 |a RU 
105 |a a z 001zy 
200 1 |a Атмосферно-оптические явления по наблюдениям с орбитальных научных станций "Салют"  |f Государственный оптический институт им. С. И. Вавилова ; под ред. М. М. Мирошникова 
210 |a Тарту  |c АН ЭССР  |d 1981 
215 |a 188 с.  |c ил. 
320 |a Библиогр. в конце ст. 
606 |a Оптические явления в атмосфере  |2 stltpush  |3 (RuTPU)RU\TPU\subj\47253  |9 66310 
610 1 |a атмосферные явления 
610 1 |a наблюдение 
610 1 |a орбитальные станции 
610 1 |a Салют 
610 1 |a исследования 
610 1 |a облака 
610 1 |a пар 
675 |a 551.593  |v 3 
702 1 |a Мирошников  |b М. М.  |4 340 
712 0 2 |a Государственный оптический институт им. С. И. Вавилова  |2 stltpush  |3 (RuTPU)RU\TPU\col\7103  |9 24293 
801 1 |a RU  |b 63413507  |c 20080313  |g PSBO 
801 2 |a RU  |b 63413507  |c 20180219  |g PSBO 
942 |c BK